000 00929 a2200253 4500
005 20171110152518.0
008 171110s2014 mx a fr 000 0 spa
020 _a9786071620132 (2a.Ed.)
040 _aCO-BoUCM
_bspa
_cSaul Niño
_dSaul Niño
041 0 0 _aspa
100 1 _aCampbell, Joseph
_954059
245 1 3 _aEl heroe de las mil caras
_bpsicoanálisis del mito
_cJoseph Campbell ; traducción Luisa Josefina Hernández
250 _aSegunda edición
260 _aMéxico D.F. (México)
_bFondo de Cultura Economica
_c2014
300 _a480 páginas
_bilustraciones
490 0 _aSección de obras de Antropología
650 7 _919626
_aMitología
650 7 _922781
_aPsicoanálisis
690 _aMitología
_919626
700 1 _aHernández, Luisa Josefina
_etraductor
_954060
765 _tthe hero with a thousand faces
942 _cLIBRO
_a4
_e2
_mC187h
_2DEWEY
_h291.13
999 _c308598
_d308598